All Cities on a Map by Letter - N - Statistics

General Stats
  • This quiz has been taken 5 times
  • The average score is 91 of 1792
Answers on the Map
Answers color-coded by a green-red scale on the quiz's map according to % correct below.
 
Answer Stats
Country City population City % Correct
Thailand 20012 Nan
100%
United States 21727 New Castle
100%
United States 18012 New Castle
100%
United States 17356 New Castle
100%
South Africa 507710 Newcastle
100%
United Kingdom 300196 Newcastle
100%
Australia 152984 Newcastle
100%
United States 12945 Newcastle
100%
United States 12238 Newcastle
100%
United Kingdom 159600 Newport
100%
United States 25029 Newport
100%
United Kingdom 23957 Newport
100%
United States 14039 Newport
100%
United Kingdom 11387 Newport
100%
United States 10393 Newport
100%
United States 18832416 New York
100%
Ireland 21393 Naas
80%
Italy 913462 Naples
80%
United States 19421 Naples
80%
New Zealand 46437 Nelson
80%
United Kingdom 33488 Nelson
80%
Canada 11198 Nelson
80%
United States 12299 Newman
80%
Australia 6456 Newman
80%
France 353701 Nice
80%
Japan 77027 Nikkō
80%
United States 235037 Norfolk
80%
United States 25962 Norfolk
80%
United States 11556 Norfolk
80%
United Kingdom 213166 Norwich
80%
United States 163299 Norwich
80%
Canada 11001 Norwich
80%
United Kingdom 289301 Nottingham
80%
Philippines 133184 Naga
60%
Philippines 41743 Naga
60%
Japan 404656 Nagasaki
60%
Japan 63060 Nago
60%
Kenya 5545000 Nairobi
60%
China 8422000 Nanjing
60%
Chad 807000 N’Djamena
60%
India 249998 New Delhi
60%
United States 918752 New Orleans
60%
United States 184774 Newport News
60%
United States 88504 Newton
60%
Sierra Leone 35300 Newton
60%
United States 18443 Newton
60%
United States 15696 Newton
60%
United States 13223 Newton
60%
Cyprus 330000 Nicosia
60%
Italy 12686 Nicosia
60%
Zimbabwe 87038 Norton
60%
United Kingdom 20829 Norton
60%
United States 19155 Norton
60%
United States 11576 Norton
60%
Russia 1633851 Novosibirsk
60%
Germany 526091 Nuremberg
60%
Japan 367184 Nagano
40%
Japan 9197000 Nagoya
40%
India 2405665 Nāgpur
40%
India 28899 Nāhan
40%
India 10298 Nāna
40%
China 3837978 Nanning
40%
France 325070 Nantes
40%
United States 14299 Nantucket
40%
New Zealand 62241 Napier
40%
Japan 352377 Nara
40%
Mali 18459 Nara
40%
India 14340 Narhan
40%
Philippines 77948 Narra
40%
Norway 14051 Narvik
40%
United States 1178679 Nashville
40%
Bahamas, The 274400 Nassau
40%
Botswana 6802 Nata
40%
Malawi 6000 Neno
40%
Germany 64390 Neubrandenburg
40%
Germany 30881 Neuburg
40%
Germany 47097 Neunkirchen
40%
Germany 12909 Neunkirchen
40%
Austria 12879 Neunkirchen
40%
Germany 155163 Neuss
40%
Germany 53920 Neustadt
40%
Germany 13523 Neustadt
40%
Germany 11929 Neustadt
40%
Germany 10051 Neustadt
40%
Germany 8971 Neustadt
40%
Germany 20385 Neustrelitz
40%
United States 307188 Newark
40%
United States 83890 Newark
40%
United States 47145 Newark
40%
United States 30309 Newark
40%
United States 9040 Newark
40%
United States 40384 New Berlin
40%
United States 98700 New Braunfels
40%
United States 27199 New London
40%
New Zealand 57600 New Plymouth
40%
United States 15101 Newtown
40%
United Kingdom 11357 Newtown
40%
Niger 1496260 Niamey
40%
Netherlands 177659 Nijmegen
40%
France 150444 Nîmes
40%
Serbia 183164 Niš
40%
Russia 176735 Norilsk
40%
Australia 6548 Northam
40%
United Kingdom 137467 Northampton
40%
United States 39868 Northampton
40%
United States 28640 Northampton
40%
United States 10366 Northampton
40%
United States 270773 North Las Vegas
40%
United States 100713 Norwalk
40%
United States 91375 Norwalk
40%
United States 17054 Norwalk
40%
United States 13610 Norwalk
40%
Mauritania 1077169 Nouakchott
40%
Italy 101257 Novara
40%
United States 66224 Novi
40%
Serbia 260438 Novi Sad
40%
Germany 41447 Nürtingen
40%
Greenland 18326 Nuuk
40%
Algeria 16251 Naama
20%
Finland 19999 Naantali
20%
United States 32104 Nacogdoches
20%
China 954259 Nada
20%
Fiji 71048 Nadi
20%
Germany 23321 Nagold
20%
Canada 106079 Nanaimo
20%
France 104387 Nancy
20%
Mali 12642 Nangola
20%
Japan 44318 Nanjō
20%
Japan 47390 Nanto
20%
China 9577771 Nanyang
20%
Taiwan 9844 Nanzhou
20%
United States 149424 Naperville
20%
France 56692 Narbonne
20%
Finland 9621 Närpes
20%
Estonia 53626 Narva
20%
Finland 14890 Nastola
20%
Japan 23435 Nasu
20%
Brazil 751300 Natal
20%
Brazil 65000 Natal
20%
Mexico 26963 Nava
20%
Philippines 58187 Naval
20%
Argentina 11562 Navarro
20%
Thailand 12160 Na Wa
20%
Syria 63676 Nawá
20%
Burma 1160242 Nay Pyi Taw
20%
Germany 26523 Neckarsulm
20%
Germany 9839 Nersingen
20%
Israel 217200 Netanya
20%
Germany 43425 Nettetal
20%
Switzerland 33475 Neuchâtel
20%
Germany 8566 Neuenbürg
20%
Germany 12520 Neuenburg am Rhein
20%
Germany 10650 Neuenhaus
20%
Germany 14096 Neuenkirchen
20%
Germany 9230 Neuenkirchen
20%
Germany 11835 Neuenrade
20%
Germany 8815 Neuhaus am Rennweg
20%
France 21914 Neuilly-Plaisance
20%
France 38799 Neuilly-sur-Marne
20%
France 59200 Neuilly-sur-Seine
20%
Germany 41255 Neumarkt
20%
Germany 80185 Neumünster
20%
Germany 9062 Neuötting
20%
Germany 31803 Neuruppin
20%
Germany 61780 Neu-Ulm
20%
Germany 66243 Neuwied
20%
France 33172 Nevers
20%
Guyana 17329 New Amsterdam
20%
United States 25622 Newberg
20%
United States 31866 Newburgh
20%
United States 13276 New Hanover
20%
United States 565056 New Haven
20%
United States 15339 New Haven
20%
United Kingdom 12691 Newhaven
20%
Canada 87942 Newmarket
20%
United Kingdom 16755 Newmarket
20%
United States 9431 Newmarket
20%
United Kingdom 22074 Newquay
20%
United States 81591 New Rochelle
20%
Palau 271 Ngerulmud
20%
Canada 94415 Niagara Falls
20%
United States 48198 Niagara Falls
20%
United States 31625 Nicholasville
20%
Germany 17768 Nidda
20%
Germany 14811 Niedernhausen
20%
Germany 10393 Nieder-Olm
20%
Belgium 10546 Niel
20%
Russia 9519 Nikel
20%
Benin 69970 Nikki
20%
Montenegro 32046 Nikšić
20%
China 4087523 Ningbo
20%
France 60074 Niort
20%
Poland 14874 Nisko
20%
Japan 92823 Nisshin
20%
Slovakia 77610 Nitra
20%
Finland 10454 Nivala
20%
France 71632 Noisy-le-Grand
20%
France 45915 Noisy-le-Sec
20%
Finland 35730 Nokia
20%
Greenland 10 Nord
20%
Germany 25210 Norden
20%
Germany 26410 Nordenham
20%
Germany 82719 Norderstedt
20%
Germany 41233 Nordhausen
20%
Germany 55619 Nordhorn
20%
Germany 21053 Nördlingen
20%
United States 128714 Norman
20%
Sweden 137326 Norrköping
20%
United States 11182 North Branch
20%
United States 117460 North Charleston
20%
Germany 29337 Northeim
20%
United States 20678 Northfield
20%
United Kingdom 10404 Northfield
20%
United States 10014 North Gates
20%
United States 19343 North Myrtle Beach
20%
United States 12511 North St. Paul
20%
United Kingdom 22871 Northwich
20%
Germany 10377 Nossen
20%
Germany 19921 Nottuln
20%
New Caledonia 182341 Nouméa
20%
Bosnia and Herzegovina 10120 Novi Grad
20%
Serbia 66527 Novi Pazar
20%
Bulgaria 12710 Novi Pazar
20%
Tonga 27600 Nuku‘alofa
20%
Nigeria 141200 Numan
20%
India 16354 Nunna
20%
Finland 9130 Nurmes
20%
Finland 44833 Nurmijärvi
20%
Finland 10785 Nurmo
20%
Denmark 17900 Nyborg
20%
Sweden 39770 Nyköping
20%
Switzerland 20272 Nyon
20%
Netherlands 18858 Naaldwijk
0%
Philippines 22444 Naawan
0%
Japan 77022 Nabari
0%
Egypt 38953 Nabarūh
0%
Philippines 40632 Nabas
0%
Lebanon 80000 Nabatîyé
0%
Russia 544383 Naberezhnyye Chelny
0%
Tunisia 84291 Nabeul
0%
India 95000 Nābha
0%
Uganda 89700 Nabilatuk
0%
India 25041 Nabīnagar
0%
Indonesia 99848 Nabire
0%
West Bank 156906 Nāblus
0%
Philippines 86490 Nabua
0%
Philippines 84340 Nabunturan
0%
Mexico 10956 Nacajuca
0%
Honduras 57345 Nacaome
0%
India 86422 Nachchāndupatti
0%
Japan 13930 Nachikatsuura
0%
Czechia 20036 Náchod
0%
Chile 26523 Nacimiento
0%
Algeria 22431 Naciria
0%
Mexico 12987 Nacozari de García
0%
Mexico 14369 Nacozari Viejo
0%
Paraguay 1120 Ñacunday
0%
India 3458045 Nādampālaiyam
0%
India 26411 Nādbai
0%
India 10935 Nādendla
0%
India 225132 Nadiād
0%
India 17238 Nadikūde
0%
India 9484 Nadimpālem
0%
India 14502 Nadisāl
0%
India 9020 Nādol
0%
Morocco 112450 Nador
0%
India 17238 Nadugadda
0%
India 12628 Naduhatti
0%
Malta 4509 Nadur
0%
India 25979 Naduvannur
0%
India 35996 Naduvattam
0%
India 15008 Naduvattam
0%
Ukraine 22504 Nadvirna
0%
Russia 45229 Nadym
0%
Denmark 44996 Næstved
0%
Greece 11191 Náfpaktos
0%
Greece 14532 Náfplio
0%
Azerbaijan 10100 Naftalan
0%
Philippines 342769 Naga City
0%
Japan 116043 Nagahama
0%
Japan 25836 Nagai
0%
India 8729 Nāgaiyampatti
0%
Japan 43204 Nagaizumi
0%
Japan 62473 Nagakute
0%
India 11166 Nāgalāpuram
0%
India 21188 Nāgamangala
0%
India 10534 Nāgambhotlapālem
0%
Japan 10515 Naganuma
0%
Japan 265868 Nagaoka
0%
Japan 80423 Nagaoka
0%
Japan 9092 Nagaoki
0%
India 25572 Nagar
0%
India 11882 Nagar
0%
India 14229 Nagardevla Budrukh
0%
Japan 211620 Nagareyama
0%
India 62253 Nagari
0%
India 10983 Nagar Nahusa
0%
Nicaragua 32303 Nagarote
0%
India 24354 Nagarpāra
0%
India 14854 Nagarūr
0%
India 10214 Nāgasamudram
0%
Japan 15299 Nagasu
0%
Japan 32183 Nagato
0%
India 30502 Nāgāwaram
0%
India 9321 Nāgāyalanka
0%
Philippines 64866 Nagcarlan
0%
India 127484 Nagda
0%
India 8658 Nagdah
0%
Bangladesh 31436 Nagdha Simla
0%
India 289916 Nāgercoil
0%
India 95246 Nagīna
0%
India 14534 Nāgireddipalli
0%
India 22258 Nagla
0%
India 13459 Nagnur
0%
India 25688 Nāgod
0%
India 11099 Nāgojanahalli
0%
Uganda 14300 Nagongera
0%
China 414554 Nagqu
0%
India 14405 Nagra
0%
India 10419 Nagtala
0%
Philippines 25399 Nagtipunan
0%
Dominican Republic 76933 Nagua
0%
Philippines 52189 Naguilian
0%
Philippines 33788 Naguilian
0%
India 9820 Nāgulapādu
0%
Hungary 9333 Nagyatád
0%
Hungary 9033 Nagykálló
0%
Hungary 42502 Nagykanizsa
0%
Hungary 11855 Nagykáta
0%
Hungary 23016 Nagykőrös
0%
Hungary 8809 Nagykovácsi
0%
Japan 316048 Naha
0%
India 10519 Nāhargarh
0%
Israel 60000 Nahariyya
0%
Iran 76162 Nahāvand
0%
India 17422 Nahāzāri
0%
India 20490 Nahorkatiya
0%
Guatemala 87319 Nahualá
0%
Mexico 27174 Nahuatzén
0%
El Salvador 49081 Nahuizalco
0%
El Salvador 10417 Nahulingo
0%
Philippines 160987 Naic
0%
Maldives 4103 Naifaru
0%
India 11572 Naīgarhi
0%
India 217900 Naihāti
0%
India 48950 Nāikankudi
0%
United Kingdom 15539 Nailsea
0%
India 10494 Naini
0%
India 26929 Nainijor
0%
India 41377 Naini Tal
0%
India 24914 Nainpur
0%
United Kingdom 9960 Nairn
0%
Kenya 14563 Naivasha
0%
Iraq 100600 Nāḩiyat al Iskandarīyah
0%
Iraq 95000 Nāḩiyat al Karmah
0%
Iraq 22800 Nāḩiyat al Kifl
0%
Iraq 140000 Nāḩiyat Ghammās
0%
Iraq 127000 Nāḩiyat Khān Banī Sa‘d
0%
Iran 235281 Najafābād
0%
India 1365152 Najafgarh
0%
Egypt 45038 Naj‘ Ḩammādī
0%
Cuba 15579 Najasa
0%
India 88535 Najībābād
0%
Saudi Arabia 72038 Najrān
0%
Egypt 8656 Najrīj
0%
Korea, South 92582 Naju
0%
Japan 53035 Naka
0%
Japan 9603 Nakaechi
0%
Japan 50186 Nakagawa
0%
Japan 14921 Nakagawa
0%
Japan 10576 Nakagawa
0%
Japan 21924 Nakagusuku
0%
Japan 46567 Nakai
0%
Japan 39634 Nakama
0%
Japan 344880 Nakano
0%
Japan 42664 Nakano
0%
Japan 15186 Nakanojōmachi
0%
Japan 16442 Nakanoto
0%
Japan 9272 Nakao
0%
Uganda 10000 Nakapiripirit
0%
Japan 10384 Nakasato
0%
Uganda 8600 Nakaseke
0%
Japan 23211 Nakashunbetsu
0%
Fiji 18919 Nakasi
0%
Uganda 11700 Nakasongola
0%
Japan 82714 Nakatsu
0%
Japan 78930 Nakatsugawa
0%
Japan 10617 Nakayama
0%
Oman 28088 Nakhal
0%
Algeria 12652 Nakhla
0%
Iran 18837 Nakhl-e Taqī
0%
Russia 136096 Nakhodka
0%
Russia 1365 Nakhodka
0%
Thailand 15585 Nakhon Nayok
0%
Thailand 120657 Nakhon Pathom
0%
Thailand 27591 Nakhon Phanom
0%
Thailand 466098 Nakhon Ratchasima
0%
Thailand 82305 Nakhon Sawan
0%
Thailand 102152 Nakhon Si Thammarat
0%
Thailand 9278 Nakhon Thai
0%
India 12534 Nakhtarāna
0%
Bangladesh 61788 Nakhyaungcharīpāra
0%
Thailand 20609 Na Klang
0%
Slovenia 1776 Naklo
0%
Poland 17620 Nakło nad Notecią
0%
Lesotho 13146 Nako
0%
India 36973 Nakodar
0%
Zambia 10652 Nakonde
0%
Japan 9275 Nakoushi
0%
India 29126 Nakrekal
0%
Denmark 12456 Nakskov
0%
India 22712 Nakūr
0%
Kenya 307990 Nakuru
0%
India 29342 Nalakadoddi
0%
India 11344 Nalambūr
0%
Iran 8503 Nalās
0%
India 13558 Nālatvād
0%
Mongolia 28152 Nalayh
0%
Germany 9101 Nalbach
0%
India 27389 Nalbāri
0%
Russia 265162 Nalchik
0%
Bangladesh 30803 Nālchiti
0%
India 45000 Nalegaon
0%
Ghana 14927 Nalerigu
0%
India 154326 Nalgonda
0%
India 10373 Nalgora
0%
India 41534 Nalhāti
0%
India 8503 Nālikkalpatti
0%
India 11415 Naliya
0%
India 14176 Nallagunta
0%
India 13457 Nallajerla
0%
India 10944 Nallamada
0%
India 9774 Nallamadu
0%
Turkey 26553 Nallıhan
0%
India 10037 Nallikodūr
0%
India 10508 Nallippālaiyam
0%
India 38933 Nallūr
0%
India 11617 Nallūr
0%
India 19071 Nalua
0%
Libya 66609 Nālūt
0%
India 11533 Nālwār
0%
Mozambique 29272 Namaacha
0%
Angola 142047 Namacunde
0%
India 21250 Nāmagiripettai
0%
India 9885 Namakadu
0%
South Africa 36365 Namakgale
0%
India 119491 Nāmakkal
0%
Mali 15667 Namala Guimbala
0%
Kenya 5500 Namanga
0%
Uzbekistan 1010000 Namangan
0%
Uganda 17300 Namayingo
0%
Uganda 14000 Namayingo
0%
Uganda 22100 Namayumba
0%
India 20927 Nambiyūr
0%
Australia 11187 Nambour
0%
Angola 60883 Nambuangongo
0%
India 9625 Nambutalai
0%
India 12190 Namchi
0%
Vietnam 448225 Nam Định
0%
Japan 31828 Namegata
0%
Japan 19885 Namegawa
0%
Japan 32317 Namerikawa
0%
Burma 33382 Namhkam
0%
Iran 13659 Namīn
0%
Japan 20543 Namioka
0%
Indonesia 37869 Namlea
0%
India 11198 Namli
0%
India 17406 Namminikara
0%
Madagascar 10046 Namorona
0%
United States 201129 Nampa
0%
Philippines 14471 Nampicuan
0%
Korea, North 703317 Nampo
0%
Mozambique 743000 Nampula
0%
India 25107 Nāmrup
0%
Korea, North 80146 Namsan
0%
Thailand 8742 Nam Som
0%
Norway 8471 Namsos
0%
Russia 10364 Namtsy
0%
Burma 48591 Namtu
0%
Belgium 114007 Namur
0%
Uganda 16000 Namutumba
0%
Poland 16942 Namysłów
0%
United States 12282 Nanakuli
0%
India 8875 Nānan
0%
China 29508 Nan’ao
0%
Japan 49660 Nanao
0%
India 15988 Nanāttupārai
0%
Japan 40947 Nanbei
0%
Japan 16449 Nanbu
0%
Japan 10275 Nanbu
0%
Chile 15409 Nancagua
0%
China 47091 Nancaicun
0%
China 3576547 Nanchang
0%
China 45098 Nanchang
0%
Mexico 30039 Nanchital de Lázaro Cárdenas del Río
0%
China 5607565 Nanchong
0%
Nicaragua 34288 Nandaime
0%
India 9566 Nandamūru
0%
Nicaragua 10732 Nandasmo
0%
India 11651 Nandavaram
0%
Costa Rica 11121 Nandayure
0%
China 42934 Nandazhang
0%
India 550439 Nānded
0%
India 123191 Nāndgaon
0%
Burkina Faso 10711 Nandiala
0%
India 44359 Nandigāma
0%
India 16752 Nandigaon
0%
Kenya 73626 Nandi Hills
0%
India 46953 Nandikotkūr
0%
India 11711 Nandimandalam
0%
India 11525 Nandipeta
0%
India 9122 Nandiyālam
0%
India 8644 Nandnāwān
0%
India 54923 Nāndod
0%
China 42934 Nandongcun
0%
India 70200 Nāndūra Buzurg
0%
India 111000 Nandurbar
0%
India 200516 Nandyāl
0%
India 12768 Nandyālampeta
0%
China 10180 Nanfang
0%
China 71479 Nanfengcun
0%
Cameroon 29814 Nanga Eboko
0%
India 8536 Nāngal Chaudhri
0%
India 48000 Nāngal Township
0%
Taiwan 7815 Nangan
0%
China 5708191 Nangandao
0%
India 12772 Nangavalli
0%
India 21658 Nangavaram
0%
France 8883 Nangis
0%
India 150371 Nāngloi Jāt
0%
China 396718 Nangong
0%
Thailand 21257 Nang Rong
0%
India 8920 Nānguneri
0%
India 13234 Nanjai Kilābādi
0%
India 57931 Nanjakkād
0%
India 18889 Nanjanād
0%
India 61961 Nanjangūd
0%
China 49854 Nanjian
0%
India 32689 Nānjikkottai
0%
India 9643 Nanjundāpuram
0%
Pakistan 63073 Nankana Sahib
0%
China 44317 Nanmengcun
0%
India 25628 Nanminda
0%
China 8942 Nanmucun
0%
India 26669 Nannamukku
0%
Norway 15530 Nannestad
0%
Mali 11052 Nanpala
0%
India 62782 Nānpāra
0%
China 2680645 Nanping
0%
China 25710 Nanpingcun
0%
China 361185 Nanqiao
0%
China 158234 Nanqiaotou
0%
China 55436 Nansan
0%
Uganda 532800 Nansana
0%
Burma 26060 Nansang
0%
China 36962 Nanshuicun
0%
Tanzania 8644 Nansio
0%
Japan 31075 Nantan
0%
China 108190 Nantang
0%
France 98119 Nanterre
0%
India 18751 Nanthankulam
0%
United States 10610 Nanticoke
0%
China 82944 Nantingcun
0%
China 2261382 Nantong
0%
China 130370 Nantou
0%
Taiwan 97504 Nantou
0%
China 38608 Nantun
0%
United Kingdom 14051 Nantwich
0%
United States 20089 Nanuet
0%
Brazil 40665 Nanuque
0%
China 97747 Nanxicun
0%
China 22654 Nanyangcun
0%
China 120000 Nanyangcun
0%
Japan 30343 Nanyō
0%
Kenya 31577 Nanyuki
0%
China 12495 Nanzhai
0%
China 8707 Nanzhangcheng
0%
China 156902 Nan Zhuang
0%
Taiwan 9029 Nanzhuang
0%
China 46790 Nanzhuangzhen
0%
Bangladesh 150025 Naogaon
0%
India 10946 Nao Kothi
0%
Mexico 22835 Naolinco de Victoria
0%
Brazil 17898 Não-Me-Toque
0%
Greece 17830 Náousa
0%
United States 81643 Napa
0%
Uganda 5278 Napak
0%
Philippines 24437 Napindan
0%
United States 8561 Napoleon
0%
Egypt 21530 Naqādah
0%
Iran 72975 Naqadeh
0%
India 14450 Narahia
0%
India 12239 Narala
0%
Sri Lanka 56279 Narammala
0%
India 21539 Nāranammālpuram
0%
India 10772 Nāranāpuram
0%
India 16901 Nāranattenvanpatti
0%
India 20000 Nāranda
0%
Australia 18573 Narangba
0%
United States 14610 Naranja
0%
Ecuador 39323 Naranjal
0%
Ecuador 34664 Naranjito
0%
Costa Rica 42713 Naranjo
0%
Mexico 20073 Naranjos
0%
India 18982 Nārapala
0%
India 64542 Narapalli
0%
India 26280 Narasannapeta
0%
India 58770 Narasapur
0%
India 11663 Narasāpuram
0%
India 116250 Narasaraopet
0%
Japan 174990 Narashino
0%
India 9852 Narasimharājapura
0%
India 10189 Narasingam
0%
India 24670 Narasingapuram
0%
India 13943 Narasingapuram
0%
China 27572 Narat
0%
Thailand 40521 Narathiwat
0%
India 22775 Naraura
0%
India 24196 Nāravārikuppam
0%
India 11253 Nārāyanavanam
0%
Bangladesh 967951 Nārāyanganj
0%
India 13306 Nārāyangarh
0%
India 18243 Nārāyankher
0%
India 41752 Nārāyanpet
0%
India 9152 Nārāyanpur
0%
India 9486 Nārāyanraopet
0%
United Kingdom 8680 Narborough
0%
Italy 30790 Nardò
0%
India 22024 Naregal
0%
India 809913 Narela
0%
India 15607 Narendrapatnam
0%
India 54700 Nargol
0%
India 36291 Nargund
0%
India 12088 Narhat
0%
India 9940 Nariār
0%
India 18345 Nāri Bhadaun
0%
Kyrgyzstan 12021 Nariman
0%
Russia 11104 Narimanov
0%
Colombia 8603 Nariño
0%
India 21304 Narippatta
0%
Japan 130689 Narita
0%
India 10394 Narkatpalli
0%
India 21227 Narkher
0%
Turkey 18445 Narlıca
0%
Turkey 62923 Narlıdere
0%
Turkey 12292 Narman
0%
India 145897 Nārnaul
0%
Italy 17914 Narni
0%
Russia 74493 Naro-Fominsk
0%
Kenya 65430 Narok
0%
Spain 39285 Narón
0%
India 8725 Nārona
0%
India 10152 Narot Mehra
0%
Australia 7327 Narrabri
0%
United States 14540 Narragansett
0%
Australia 4274 Narrogin
0%
India 35571 Narsampet
0%
India 19450 Narsāpur
0%
Greenland 123 Narsarsuaq
0%
India 28819 Narsimlāpet
0%
Bangladesh 185128 Narsingdi
0%
India 32329 Narsinghgarh
0%
India 9449 Nārsingi
0%
India 9014 Nārsingi
0%
India 33757 Narsīpatnam
0%
Russia 8805 Nartan
0%
Russia 30832 Nartkala
0%
India 9544 Naruār
0%
Japan 24677 Narutō
0%
Japan 54989 Narutochō-mitsuishi
0%
Philippines 46234 Narvacan
0%
India 62090 Narwāna
0%
India 20742 Narwar
0%
India 132072 Naryāi ka Puri
0%
Russia 24775 Nar’yan-Mar
0%
Kyrgyzstan 34822 Naryn
0%
Tajikistan 21314 Naryn
0%
Kyrgyzstan 11306 Naryn
0%
Pakistan 90200 Nasatta
0%
Romania 10215 Năsăud
0%
Ireland 10743 Na Sceirí
0%
Iran 9176 Nashtīfān
0%
United States 247828 Nashua
0%
Croatia 14291 Našice
0%
India 1486053 Nāsik
0%
Iran 200393 Nasīm Shahr
0%
Philippines 44822 Nasipit
0%
South Sudan 1741 Nasir
0%
India 56980 Nasīrabād
0%
India 13074 Nasiyanūr
0%
India 31244 Nāspur
0%
India 27490 Nāsriganj
0%
India 22756 Nasrullāhganj
0%
Sweden 16678 Nässjö
0%
Philippines 136524 Nasugbu
0%
Japan 24456 Nasukarasuyama
0%
Japan 115602 Nasushiobara
0%
Colombia 22320 Natagaima
0%
Iran 14122 Naţanz
0%
United States 14207 Natchez
0%
United States 17682 Natchitoches
0%
Switzerland 10073 Naters
0%
India 9500 Nathāna
0%
India 42016 Nāthdwāra
0%
India 10116 Nāthpur
0%
United States 36627 Natick
0%
United States 55960 National City
0%
Benin 104010 Natitingou
0%
Philippines 25771 Natividad
0%
Brazil 8754 Natividade
0%
Brazil 15074 Natividade do Carangola
0%
Madagascar 9000 Nato
0%
Burma 250000 Natogyi
0%
Philippines 10339 Natonin
0%
Japan 79250 Natori-shi
0%
India 11331 Natshal
0%
India 9337 Nattakkādaiyūr
0%
India 29759 Nattam
0%
India 13346 Nattappettai
0%
India 12056 Nāttarampalli
0%
India 8693 Nāttarasankottai
0%
Brazil 8945 Natuba
0%
India 31426 Nauāgarhi
0%
India 25011 Naubatpur
0%
Mexico 910407 Naucalpan de Juárez
0%
Germany 19563 Nauen
0%
India 49069 Naugachhia
0%
India 56493 Naugaon Sādāt
0%
United States 31634 Naugatuck
0%
India 28687 Nauhata
0%
Germany 10856 Nauheim
0%
Philippines 109587 Naujan
0%
Lithuania 8170 Naujoji Akmenė
0%
India 16995 Naula
0%
Germany 32336 Naumburg
0%
Germany 8811 Naunhof
0%
India 9420 Naurhiya
0%
Pakistan 38181 Naushahro Firoz
0%
Fiji 57882 Nausori
0%
Peru 2500 Nauta
0%
India 31650 Nautan Dube
0%
India 33753 Nautanwa
0%
Mexico 2890 Nautla
0%
Tajikistan 26321 Navabad
0%
Tajikistan 10200 Navabad
0%
India 175474 Navadwīp
0%
Belarus 27936 Navahrudak
0%
Spain 31379 Navalcarnero
0%
India 24613 Navalgund
0%
Spain 17028 Navalmoral de la Mata
0%
India 100000 Navalyal
0%
Ireland 33886 Navan
0%
India 9535 Navani
0%
Belarus 95717 Navapolatsk
0%
India 8718 Navappatti
0%
India 29979 Navāpur
0%
India 560000 Nava Raipur
0%
United States 38988 Navarre
0%
Russia 14664 Navashino
0%
Italy 10552 Nave
0%
Brazil 86401 Navegantes
0%
India 12323 Navelim
0%
Tajikistan 38104 Navgilem
0%
India 9901 Nāvinipatti
0%
India 8563 Navipet
0%
Brazil 50457 Naviraí
0%
Romania 34398 Năvodari
0%
Uzbekistan 144158 Navoiy
0%
Mexico 120926 Navojoa
0%
Mexico 28676 Navolato
0%
Philippines 247543 Navotas
0%
Tajikistan 18281 Navraftor
0%
Ghana 27306 Navrongo
0%
India 171000 Navsāri
0%
Bangladesh 142361 Nawābganj
0%
India 39241 Nawābganj
0%
Pakistan 263102 Nawabshah
0%
India 14476 Nawada
0%
India 180740 Nawāda
0%
India 13743 Nawāda
0%
India 12294 Nawāda
0%
India 8939 Nawāda
0%
India 12749 Nawāda Gobindganj
0%
India 13806 Nawāgarh
0%
India 45787 Nawai
0%
India 63948 Nawalgarh
0%
India 11121 Nawalpur
0%
India 8521 Nawānagar
0%
India 11621 Nawā Nagar Nizāmat
0%
Pakistan 35737 Nawan Shahr
0%
India 46023 Nawāshahr
0%
Burma 16274 Nawnghkio
0%
India 171109 Nawsari
0%
China 55658 Nawucun
0%
Azerbaijan 95100 Naxçıvan
0%
Malta 14890 Naxxar
0%
India 22839 Nayāgaon
0%
India 9873 Nayāgaon
0%
India 8636 Nayāgaon
0%
India 18894 Nayāgarh
0%
India 17016 Nāyakanhatti
0%
India 10247 Nayānagar
0%
India 23499 Nāyanakulam
0%
Japan 27062 Nayoro
0%
Iran 12480 Nāysar
0%
India 45055 Nāyudupet
0%
Thailand 8564 Na Yung
0%
Iran 119512 Naz̧arābād
0%
Brazil 26365 Nazaré
0%
Portugal 15158 Nazaré
0%
Brazil 30648 Nazaré da Mata
0%
Brazil 18217 Nazaré Paulista
0%
Israel 83400 Nazareth
0%
India 24815 Nazareth
0%
Belgium 11574 Nazareth
0%
Brazil 10262 Nazária
0%
Slovenia 880 Nazarje
0%
Russia 45333 Nazarovo
0%
Peru 22859 Nazca
0%
Turkey 162737 Nazilli
0%
Bangladesh 231900 Nazipur
0%
India 9552 Nāzira
0%
Russia 126292 Nazran
0%
Ethiopia 324000 Nazrēt
0%
Russia 10200 Nazyvayevsk
0%
Zambia 147927 Nchelenge
0%
South Africa 9755 Ncora
0%
Angola 161584 Ndalatando
0%
Benin 113604 Ndali
0%
Central African Republic 13704 Ndélé
0%
Gabon 6436 Ndendé
0%
Angola 105090 Ndjamba
0%
Congo (Kinshasa) 442138 Ndjili
0%
Zambia 627503 Ndola
0%
Rwanda 30171 Ndora
0%
Angola 258161 Ndulo
0%
Greece 14624 Néa Alikarnassós
0%
Greece 18604 Néa Erythraía
0%
Greece 25198 Néa Filadélfeia
0%
Greece 64611 Néa Ionía
0%
Greece 18114 Néa Mákri
0%
Greece 72853 Néa Smýrni
0%
United Kingdom 50658 Neath
0%
Uganda 41400 Nebbi
0%
Colombia 25790 Nechí
0%
Algeria 9113 Nechmeya
0%
Germany 13629 Neckargemünd
0%
Argentina 90000 Necochea
0%
Colombia 69090 Necoclí
0%
Croatia 11017 Nedelišće
0%
United States 18475 Nederland
0%
Belgium 17595 Neder-Over-Heembeek
0%
Netherlands 17171 Nederweert
0%
India 26680 Nediyanad
0%
Norway 21377 Nedre Eiker
0%
Algeria 32398 Nedroma
0%
India 17442 Nedugula
0%
India 251384 Nedumana
0%
India 60161 Nedumangād
0%
India 10627 Nedumpura
0%
India 15428 Nedumudi
0%
India 28607 Neduvannūr
0%
India 23951 Neduvattūr
0%
United States 32059 Needham
0%
United States 27409 Neenah
0%
Netherlands 12397 Neerijnen
0%
Belgium 17174 Neerpelt
0%
Eritrea 8600 Nefasīt
0%
Ethiopia 18691 Nefas Mewch’a
0%
Tunisia 22745 Nefta
0%
Azerbaijan 14241 Neftçala
0%
Russia 18076 Neftegorsk
0%
Russia 131942 Neftekamsk
0%
Russia 23075 Neftekumsk
0%
Russia 126690 Nefteyugansk
0%
Angola 137559 Negage
0%
India 102905 Negapatam
0%
Ethiopia 11772 Negēlē
0%
Sri Lanka 142136 Negombo
0%
Serbia 35000 Negotin
0%
North Macedonia 12488 Negotino
0%
Romania 14616 Negreşti-Oaş
0%
Chile 9394 Negrete
0%
Algeria 9445 Negrine
0%
Iran 18304 Nehbandān
0%
China 436906 Nehe
0%
Romania 9464 Nehoiu
0%
Azerbaijan 13752 Nehrəm
0%
Tonga 3845 Neiafu
0%
Dominican Republic 36511 Neiba
0%
Taiwan 52504 Neibu
0%
China 23126 Neihuzhai
0%
China 3140678 Neijiang
0%
Colombia 31399 Neira
0%
Colombia 380019 Neiva
0%
El Salvador 33766 Nejapa
0%
Ethiopia 19887 Nejo
0%
Iran 60991 Nekā
0%
India 12519 Nekarāje
0%
India 10778 Nekarikallu
0%
Ethiopia 75219 Nek’emtē
0%
India 9177 Nelali
0%
India 70393 Nelamangala
0%
Portugal 14037 Nelas
0%
Russia 18603 Nelidovo
0%
India 20160 Nelkattumseval
0%
India 36146 Nellāya
0%
India 46679 Nellikkuppam
0%
India 20498 Nellimarla
0%
India 11668 Nellipāka
0%
India 11721 Nellipoyil
0%
India 26921 Nelliyalam
0%
India 547621 Nellore
0%
India 8842 Nellutla
0%
India 12438 Nelmadūr
0%
South Africa 110000 Nelspruit
0%
Mauritania 21979 Néma
0%
Russia 9216 Neman
0%
Italy 11210 Nembro
0%
Paraguay 126817 Ñemby
0%
India 12166 Nemili
0%
India 36549 Nemmara
0%
Colombia 13488 Nemocón
0%
France 13118 Nemours
0%
Japan 27109 Nemuro
0%
Ukraine 11421 Nemyriv
0%
Ireland 9895 Nenagh
0%
China 500000 Nenjiang
0%
India 28476 Nenmem
0%
India 14815 Nenmini
0%
Guatemala 51349 Nentón
0%
Greece 10220 Néo Karlovási
0%
Brazil 16426 Neópolis
0%
Greece 10671 Néo Psychikó
0%
United States 12857 Neosho
0%
Greece 10617 Néo Vouprásio
0%
Nepal 72503 Nepālgañj
0%
India 29682 Nepānagar
0%
Italy 9381 Nepi
0%
Brazil 25018 Nepomuceno
0%
United States 28108 Neptune
0%
Iran 14723 Neqāb
0%
India 12239 Neralakaje
0%
Australia 16864 Nerang
0%
Czechia 16217 Neratovice
0%
Russia 14919 Nerchinsk
0%
Japan 752608 Nerima
0%
India 9141 Nerinjippettai
0%
India 15994 Neriyamangalam
0%
Spain 22187 Nerja
0%
Armenia 8553 Nerk’in Getashen
0%
India 52570 Nerkunram
0%
Brazil 31932 Nerópolis
0%
Ukraine 8558 Nerubaiske
0%
India 21611 Nerupperichchal
0%
Italy 16864 Nerviano
0%
Russia 53526 Neryungri
0%
India 8553 Nesārg
0%
United States 13344 Nesconset
0%
Bulgaria 14596 Nesebar
0%
United States 9771 Neshannock
0%
Israel 23700 Nesher
0%
Israel 50200 Nes Ẕiyyona
0%
Norway 20322 Nesoddtangen
0%
United Kingdom 15416 Neston
0%
India 25678 Netāpur Tānda
0%
United States 14442 Nether Providence
0%
United Kingdom 15017 Netherton
0%
India 30056 Nethirimangalam
0%
Ukraine 36492 Netishyn
0%
Israel 31314 Netivot
0%
Germany 23430 Netphen
0%
Bangladesh 91936 Netrakona
0%
India 8572 Nettādahalli
0%
India 25503 Nettappākkam
0%
Germany 8676 Nettersheim
0%
Italy 48033 Nettuno
0%
Germany 14359 Neu-Anspach
0%
Germany 14618 Neubiberg
0%
Germany 9692 Neu Bleckede
0%
Switzerland 8824 Neuenhof
0%
Germany 10350 Neuenstadt am Kocher
0%
Germany 20819 Neufahrn bei Freising
0%
Switzerland 10510 Neuhausen am Rheinfall
0%
Germany 12485 Neuhausen auf den Fildern
0%
Germany 11003 Neuhof
0%
Germany 39420 Neu Isenburg
0%
Argentina 288896 Neuquén
0%
India 13019 Neuri
0%
Germany 9038 Neuried
0%
Germany 23251 Neusäß
0%
Germany 45325 Neustadt am Rübenberge
0%
Germany 14949 Neustadt an der Donau
0%
Germany 15089 Neustadt bei Coburg
0%
Germany 15749 Neustadt in Holstein
0%
Germany 14614 Neutraubling
0%
France 10125 Neuville-en-Ferrain
0%
France 9616 Neuville-lès-Dieppe
0%
Russia 13980 Nevel
0%
Belgium 12179 Nevele
0%
Russia 10568 Nevelsk
0%
Sao Tome and Principe 10068 Neves
0%
Brazil 8772 Neves Paulista
0%
Germany 18937 Neviges
0%
Russia 114556 Nevinnomyssk
0%
Turkey 123882 Nevşehir
0%
Russia 22030 Nevyansk
0%
United States 37589 New Albany
0%
United States 10524 New Albany
0%
United Kingdom 30345 Newark upon Trent
0%
United States 12060 New Baltimore
0%
United States 11595 New Baltimore
0%
United States 152104 New Bedford
0%
United States 31563 New Bern
0%
United States 15774 Newberry
0%
United States 10733 Newberry
0%
United States 22900 New Brighton
0%
United Kingdom 15149 New Brighton
0%
United States 73301 New Britain
0%
United States 12290 New Britain
0%
United States 55744 New Brunswick
0%
United Kingdom 9536 Newburn
0%
United Kingdom 33790 Newbury
0%
United States 18444 Newburyport
0%
United States 13544 New Carrollton
0%
United States 14414 New Cassel
0%
United Kingdom 75082 Newcastle under Lyme
0%
United States 34133 New City
0%
Philippines 57913 New Corella
0%
United States 9263 Newfane
0%
United States 13830 New Franklin
0%
United States 11423 New Garden
0%
South Africa 12592 New Germany
0%
Canada 19316 New Glasgow
0%
Canada 14379 New Hamburg
0%
United States 21916 New Hartford
0%
United States 21402 New Hope
0%
United States 10208 New Hyde Park
0%
United States 27926 New Iberia
0%
United States 13824 Newington
0%
United States 12434 Newington Forest
0%
United States 12072 New Kensington
0%
United States 14281 New Kingman-Butler
0%
Liberia 84399 New Kru Town
0%
United States 27456 New Lenox
0%
United States 16882 New Milford
0%
United Kingdom 9470 New Mills
0%
United Kingdom 25546 New Milton
0%
Pakistan 124352 New Mirpur
0%
United States 43510 Newnan
0%
United States 15051 New Paltz
0%
Philippines 34249 New Panamao
0%
United States 17563 New Philadelphia
0%
United States 84304 Newport Beach
0%
United States 11262 Newport East
0%
United Kingdom 15586 Newport Pagnell
0%
United States 17057 New Port Richey
0%
United States 11485 New Port Richey East
0%
United States 13577 New Providence
0%
United States 10334 New Richmond
0%
United States 18365 New River
0%
Ireland 8610 New Ross
0%
United Kingdom 27913 Newry
0%
United States 9084 New Scotland
0%
United Kingdom 10194 New Silksworth
0%
United States 31212 New Smyrna Beach
0%
United States 9712 New Square
0%
United States 8683 Newstead
0%
Canada 43948 New Tecumseth
0%
United Kingdom 23580 Newton Abbot
0%
United Kingdom 26415 Newton Aycliffe
0%
United Kingdom 24642 Newton in Makerfield
0%
United Kingdom 26600 Newton Mearns
0%
United Kingdom 29677 Newtownards
0%
United States 14066 New Ulm
0%
Philippines 47955 New Washington
0%
Canada 78916 New Westminster
0%
United States 27781 New Windsor
0%
Japan 227997 Neya
0%
India 15970 Neykkārappatti
0%
India 13027 Neykkārappatti
0%
Iran 49850 Neyrīz
0%
Iran 221700 Neyshābūr
0%
India 168368 Neyveli
0%
India 70850 Neyyāttinkara
0%
Mexico 1077208 Nezahualcóyotl
0%
Vietnam 101192 Ngã Bảy
0%
Cameroon 34971 Ngaoundal
0%
Cameroon 189800 Ngaoundéré
0%
Algeria 29504 N’Gaous
0%
Senegal 9500 Ngaparou
0%
Burma 10632 Ngaputaw
0%
Tanzania 16890 Ngara
0%
Burma 20018 Ngathainggyaung
0%
Tanzania 11780 Ngerengere
0%
Vietnam 68206 Nghĩa Lộ
0%
Vietnam 307304 Nghi Sơn
0%
Vietnam 9412 Ngọc Sơn
0%
Mali 14880 Ngolobougou
0%
Mali 18446 Ngolonianasso
0%
Kenya 102323 Ngong
0%
Uganda 17700 Ngora
0%
Mali 24381 Ngorkou
0%
Tanzania 10836 Ngorongoro
0%
Rwanda 38823 Ngororero
0%
Cameroon 12000 Ngou
0%
Cameroon 14675 Ngoulemakong
0%
Algeria 16581 N’Goussa
0%
Burundi 39884 Ngozi
0%
Tanzania 31123 Ngudu
0%
Senegal 27033 Nguékhokh
0%
Niger 17897 Nguigmi
0%
Nigeria 270632 Nguru
0%
Cameroon 27151 Nguti
0%
Brazil 21443 Nhamundá
0%
Brazil 9852 Nhandeara
0%
Vietnam 9028 Nhân Trạch
0%
Vietnam 579000 Nha Trang
0%
Eswatini 23000 Nhlangano
0%
Mali 11961 Niagadina
0%
Canada 19088 Niagara-on-the-Lake
0%
Mali 35548 Niamina
0%
Togo 24000 Niamtougou
0%
Mali 12845 Niandjila
0%
Burkina Faso 33500 Niangoloko
0%
Burkina Faso 13545 Niaogho
0%
Mali 11257 Niasso
0%
India 27818 Nibria
0%
Italy 40000 Nicastro
0%
United States 16043 Niceville
0%
Italy 46244 Nichelino
0%
Japan 50518 Nichinan
0%
Mozambique 6945 Nicoadala
0%
Mexico 366602 Nicolás Romero
0%
Costa Rica 50825 Nicoya
0%
Lithuania 2385 Nida
0%
India 43809 Nidadavole
0%
India 11523 Nīdāmangalam
0%
Germany 20652 Nidderau
0%
Germany 10397 Nideggen
0%
India 16901 Nidgundi
0%
India 15859 Nidiyanga
0%
Poland 13052 Nidzica
0%
Germany 10159 Niebüll
0%
Switzerland 9264 Niederhasli
0%
Germany 39424 Niederkassel
0%
Germany 15284 Niederkrüchten
0%
Germany 14493 Niederzier
0%
Germany 12600 Niefern-Öschelbronn
0%
Benin 11069 Niémasson
0%
Mali 32265 Niéna
0%
Poland 15697 Niepołomice
0%
Germany 8631 Nierstein
0%
Germany 9144 Niesky
0%
Suriname 5650 Nieuw Amsterdam
0%
Netherlands 63866 Nieuwegein
0%
Netherlands 29151 Nieuwkoop
0%
Netherlands 9541 Nieuw-Lekkerland
0%
Netherlands 9560 Nieuwleusen
0%
Suriname 12818 Nieuw Nickerie
0%
Belgium 11565 Nieuwpoort
0%
Netherlands 31415 Nieuw-Vennep
0%
Turkey 170511 Niğde
0%
South Africa 38318 Nigel
0%
India 13600 Nighoj
0%
Spain 18208 Nigrán
0%
India 12080 Nihāl Singhwāla
0%
Japan 54447 Nihonmatsu
0%
India 68500 Nihtaur
0%
Japan 790646 Niigata
0%
Japan 114971 Niihama
0%
Japan 27526 Niimi
0%
Japan 19602 Niiyama
0%
Japan 165997 Niiza
0%
Spain 33076 Níjar
0%
India 8523 Nijgaon Parānpur
0%
Netherlands 43600 Nijkerk
0%
India 24496 Nij Khari
0%
Belgium 22936 Nijlen
0%
Tajikistan 10350 Nijoní
0%
Netherlands 25000 Nijverdal
0%
Japan 22958 Nikaho
0%
Greece 88077 Níkaia
0%
Japan 10031 Nikaidō-kaminoshōchō
0%
Sri Lanka 48770 Nikaweratiya
0%
Russia 13460 Nikolayevsk
0%
Russia 150 Nikolayevsk-na-Amure
0%
Russia 19873 Nikolsk
0%
Ukraine 105160 Nikopol
0%
Turkey 37017 Niksar
0%
Iran 17732 Nīkshahr
0%
India 16418 Nilaiyūr
0%
India 19630 Nilakkottai
0%
India 46366 Nilambūr
0%
India 19096 Nīlambūr
0%
Maldives 2000 Nilandhoo
0%
India 72000 Nilanga
0%
India 10775 Nilavārappatti
0%
United States 30262 Niles
0%
United States 18301 Niles
0%
United States 11838 Niles
0%
India 39752 Nīlēshwar
0%
India 19479 Nīlgiri
0%
Afghanistan 3000 Nīlī
0%
China 31907 Nilka
0%
Brazil 11213 Nilo Peçanha
0%
India 43371 Nilothi
0%
Turkey 536365 Nilüfer
0%
India 86453 Nīmbāhera
0%
India 36000 Nīm ka Thāna
0%
India 8844 Nimmekal
0%
South Sudan 45000 Nimule
0%
Nicaragua 38355 Nindirí
0%
India 11461 Ninga
0%
China 322127 Ning’an
0%
China 2910000 Ningde
0%
Vietnam 1106913 Ninh Bình
0%
Brazil 10588 Ninheira
0%
Vietnam 76368 Ninh Hòa
0%
Japan 25083 Ninohe
0%
Japan 27536 Ninomiya
0%
Belgium 39626 Ninove
0%
Brazil 13220 Nioaque
0%
Mali 91554 Niono
0%
Mali 60112 Nioro
0%
Senegal 15643 Nioro du Rip
0%
India 76666 Nipāni
0%
United States 17266 Nipomo
0%
Brazil 34964 Niquelândia
0%
Chile 10759 Ñiquén
0%
Cuba 41252 Niquero
0%
Nicaragua 14847 Niquinohomo
0%
India 12701 Nirakpurpāli
0%
India 88433 Nirāla
0%
India 25547 Niramaruthūr
0%
Japan 28150 Nirasaki
0%
Venezuela 58932 Nirgua
0%
India 10770 Nīrkunnam
0%
India 88433 Nirmal
0%
India 21306 Nirmāli
0%
India 9415 Nirna
0%
India 10859 Nirpur
0%
India 17438 Nīsang
0%
India 9826 Nisarpur
0%
Italy 24934 Niscemi
0%
Japan 10046 Nishi
0%
Japan 20508 Nishigō
0%
Japan 34463 Nishihara
0%
Japan 487010 Nishinomiya-hama
0%
Japan 14694 Nishinoomote
0%
Japan 168992 Nishio
0%
Japan 207436 Nishitōkyō
0%
Japan 38479 Nishiwaki
0%
Uzbekistan 13300 Nishon Tumani
0%
Brazil 31942 Nísia Floresta
0%
Serbia 14098 Niška Banja
0%
United States 23405 Niskayuna
0%
Moldova 7986 Nisporeni
0%
Brazil 496696 Niterói
0%
India 12354 Nitte
0%
Norway 25440 Nittedal
0%
Germany 9506 Nittenau
0%
China 27651 Niuchangqiao
0%
China 38947 Niutuo Wucun
0%
Belgium 28521 Nivelles
0%
United States 24131 Nixa
0%
India 311152 Nizāmābād
0%
India 20982 Nizāmpatam
0%
India 49004 Nizāmpur
0%
Dominican Republic 27028 Nizao
0%
Russia 240379 Nizhnekamsk
0%
Russia 2400 Nizhneudinsk
0%
Russia 283256 Nizhnevartovsk
0%
Russia 400 Nizhneyansk
0%
Russia 20421 Nizhniy Lomov
0%
Russia 1204985 Nizhniy Novgorod
0%
Russia 330507 Nizhniy Tagil
0%
Russia 16233 Nizhnyaya Salda
0%
Russia 17985 Nizhnyaya Tura
0%
Ukraine 65830 Nizhyn
0%
Turkey 148386 Nizip
0%
Oman 83544 Nizwá
0%
Italy 10101 Nizza Monferrato
0%
Uganda 178800 Njeru
0%
Tanzania 40607 Njombe
0%
Ghana 61785 Nkawkaw
0%
Zimbabwe 112471 Nkayi
0%
Malawi 14274 Nkhata Bay
0%
Morocco 12787 Nkheila
0%
Malawi 28350 Nkhotakota
0%
Uganda 10100 Nkokonjeru
0%
Cameroon 135405 Nkongsamba
0%
Cameroon 20100 Nkoteng
0%
Mali 15474 Nkouraba
0%
South Africa 22484 Nkowakowa
0%
Nigeria 109377 Nkpor
0%
Namibia 10261 Nkurenkuru
0%
Nigeria 391227 Nnewi
0%
Nigeria 660821 Nneyi-Umuleri
0%
Italy 16131 Noale
0%
India 21423 Noāmundi
0%
Japan 12352 Nobeji
0%
Japan 117711 Nobeoka
0%
United States 71940 Noblesville
0%
Japan 46838 Noboribetsu
0%
Brazil 15492 Nobres
0%
Colombia 16271 Nobsa
0%
United States 25581 Nocatee
0%
Italy 44037 Nocera Inferiore
0%
Italy 23736 Nocera Superiore
0%
Italy 13203 Noceto
0%
Mexico 27932 Nochistlán de Mejía
0%
Italy 18361 Noci
0%
Japan 154114 Noda
0%
Sweden 9822 Nödinge-Nol
0%
Côte d’Ivoire 27938 Noé
0%
France 11384 Noeux-les-Mines
0%
Mexico 264782 Nogales
0%
Chile 21856 Nogales
0%
Mexico 21113 Nogales
0%
United States 19753 Nogales
0%
Japan 55705 Nōgata
0%
France 9305 Nogent-le-Rotrou
0%
France 32998 Nogent-sur-Marne
0%
France 21859 Nogent-sur-Oise
0%
Japan 24903 Nogi
0%
Russia 102392 Noginsk
0%
Russia 3291 Noginsk
0%
Russia 10098 Nogliki
0%
Argentina 22824 Nogoyá
0%
India 49835 Nohar
0%
Germany 9982 Nohfelden
0%
India 12551 Nohsa
0%
Italy 25885 Noicattaro
0%
India 637272 Noida
0%
France 15927 Noisiel
0%
Botswana 1763 Nokaneng
0%
India 120000 Nokha
0%
India 27302 Nokha
0%
Korea, South 115925 Noksan
0%
Italy 34467 Nola
0%
Central African Republic 29181 Nola
0%
United States 14545 Nolensville
0%
Japan 48860 Nomimachi
0%
India 25366 Nonāhi
0%
Italy 16106 Nonantola
0%
India 9217 Nonea
0%
China 224387 Nong’an
0%
Thailand 11951 Nong Bua
0%
Thailand 21072 Nong Bua Lamphu
0%
Thailand 12336 Nong Khae
0%
Thailand 46180 Nong Khai
0%
Thailand 10089 Nong Ki
0%
Thailand 9213 Nong Kung Si
0%
India 28742 Nongstoin
0%
Thailand 9816 Nong Wua So
0%
China 38981 Nongzhangjie
0%
India 16298 Noniyā
0%
Mali 15253 Nonkon
0%
Brazil 13719 Nonoai
0%
Japan 57090 Nonoichi
0%
Thailand 9730 Non Sung
0%
Thailand 3418 Nonthaburi
0%
Netherlands 44062 Noordwijk
0%
Netherlands 16605 Noordwijkerhout
0%
Netherlands 19000 Nootdorp
0%
Mexico 15099 Nopala de Villagran
0%
Angola 23880 Nóqui
0%
Tajikistan 61500 Norak
0%
Philippines 46682 Norala
0%
United States 25211 Norco
0%
United States 17669 Norcross
0%
Brazil 11800 Nordestina
0%
Germany 10534 Nordkirchen
0%
Faroe Islands 400 Norðragøta
0%
Norway 62245 Nordre Fåle
0%
Germany 12150 Nordstemmen
0%
Russia 0 Nordvik
0%
Germany 9853 Nordwalde
0%
Armenia 9307 Nor Hachn
0%
India 11955 Norīa
0%
Mexico 16284 Noria de Ángeles
0%
United States 52908 Normal
0%
United Kingdom 20872 Normanton
0%
Colombia 9850 Norosí
0%
Denmark 23718 Nørresundby
0%
United States 15177 Norridge
0%
United States 35782 Norristown
0%
Sweden 17275 Norrtälje
0%
Australia 555 Norseman
0%
Germany 8683 Nörten-Hardenberg
0%
United States 12660 North Adams
0%
United Kingdom 10978 Northallerton
0%
United States 20364 North Amityville
0%
United States 31024 North Andover
0%
United States 16368 North Arlington
0%
United States 13833 North Auburn
0%
United States 24928 North Augusta
0%
United States 18375 North Aurora
0%
United States 18208 North Babylon
0%
Canada 13836 North Battleford
0%
Canada 52662 North Bay
0%
United States 20501 North Bay Shore
0%
United States 20776 North Bellmore
0%
United States 10999 North Bellport
0%
United States 10231 North Bend
0%
United States 61202 North Bergen
0%
United States 49498 North Bethesda
0%
United States 15694 Northborough
0%
United States 16358 Northbridge
0%
United States 34642 Northbrook
0%
United States 10741 Northbrook
0%
United States 43867 North Brunswick
0%
United States 17746 North Canton
0%
United States 12235 North Castle
0%
United States 30772 North Chicago
0%
United States 9158 North Codorus
0%
United States 9564 North College Hill
0%
United States 8860 North Cornwall
0%
New Zealand 205605 Northcote
0%
Canada 31990 North Cowichan
0%
United States 25420 Northdale
0%
United States 18460 North Decatur
0%
United States 18172 North Druid Hills
0%
Canada 10619 North Dumfries
0%
Canada 11278 North Dundas
0%
United Kingdom 15064 Northenden
0%
United States 13327 North Fair Oaks
0%
United States 16099 North Fayette
0%
United Kingdom 29900 Northfleet
0%
United States 44189 North Fort Myers
0%
Canada 10109 North Glengarry
0%
United States 37953 Northglenn
0%
United States 13239 North Greenbush
0%
Canada 17964 North Grenville
0%
India 21497 North Guwāhāti
0%
United States 8757 North Haledon
0%
United States 236600 North Hempstead
0%
United States 47900 North Highlands
0%
United States 31806 North Huntingdon
0%
United Kingdom 16844 North Hykeham
0%
United States 8980 North Kensington
0%
United States 27736 North Kingstown
0%
United States 12547 Northlake
0%
United States 10583 North Lakes
0%
India 105376 North Lakhimpur
0%
United States 44650 North Lauderdale
0%
United States 25201 North Laurel
0%
United States 12073 North Lebanon
0%
United States 20782 North Liberty
0%
United States 11153 North Lindenhurst
0%
United States 64504 North Little Rock
0%
United States 11228 North Logan
0%
United States 8911 North Londonderry
0%
United States 23653 North Lynnwood
0%
United States 14212 North Mankato
0%
United States 18037 North Massapequa
0%
United States 12544 North Merrick
0%
United States 8903 North Merritt Island
0%
United States 59429 North Miami
0%
United States 43104 North Miami Beach
0%
United States 12248 North Middleton
0%
United Kingdom 9387 North Mimms
0%
United States 14354 North New Hyde Park
0%
United States 21473 North Ogden
0%
United States 32031 North Olmsted
0%
United Kingdom 30304 Northolt
0%
United States 13089 North Palm Beach
0%
Canada 13130 North Perth
0%
United Kingdom 10050 North Petherton
0%
United States 22667 North Plainfield
0%
United States 23030 North Platte
0%
United States 80512 North Port
0%
United States 30991 Northport
0%
United States 23994 North Potomac
0%
United States 33940 North Providence
0%
United States 15634 North Reading
0%
United States 70338 North Richland Hills
0%
United States 36043 North Ridgeville
0%
United States 31013 North Royalton
0%
Canada 12235 North Saanich
0%
United States 23239 North Salt Lake
0%
United Kingdom 34423 North Shields
0%
United States 12583 North Smithfield
0%
United States 16033 North Strabane
0%
United Kingdom 12089 North Tidworth
0%
United States 30338 North Tonawanda
0%
United States 26038 North Tustin
0%
United States 11690 North Union
0%
United States 11474 North Valley
0%
United States 17756 North Valley Stream
0%
Canada 58120 North Vancouver
0%
United States 9920 North Versailles
0%
United States 15225 Northview
0%
United Kingdom 12634 North Walsham
0%
United States 11716 North Wantagh
0%
United States 8908 Northwest Harborcreek
0%
United States 15702 North Whitehall
0%
United Kingdom 22047 Northwood
0%
United States 25000 Norton Shores
0%
France 9448 Nort-sur-Erdre
0%
Germany 11387 Nörvenich
0%
United States 11309 Norwell
0%
United States 31380 Norwood
0%
United States 19023 Norwood
0%
Philippines 136064 Norzagaray
0%
Japan 49625 Noshiromachi
0%
Madagascar 12000 Nosiarina
0%
Madagascar 9000 Nosibe
0%
Ukraine 12908 Nosivka
0%
Brazil 9232 Nossa Senhora Aparecida
0%
Brazil 26910 Nossa Senhora da Glória
0%
Brazil 24996 Nossa Senhora das Dores
0%
Brazil 12940 Nossa Senhora do Livramento
0%
Brazil 11071 Nossa Senhora dos Milagres
0%
Brazil 192330 Nossa Senhora do Socorro
0%
Brazil 8525 Nossa Senhora dos Remédios
0%
Mali 18306 Nossombougou
0%
Madagascar 19787 Nosy Varika
0%
Italy 24264 Noto
0%
Japan 15687 Noto
0%
Norway 9072 Notodden
0%
France 8744 Notre-Dame-de-Gravenchon
0%
Canada 11427 Notre-Dame-de-l'Île-Perrot
0%
Canada 9471 Notre-Dame-des-Prairies
0%
Togo 49143 Notsé
0%
India 8506 Nottampatti
0%
Norway 21621 Nøtterøy
0%
Mauritania 118000 Nouadhibou
0%
Burkina Faso 32428 Nouna
0%
Brazil 9649 Nova Bassano
0%
Brazil 15679 Nova Brasilândia d’Oeste
0%
Brazil 13715 Nova Canaã
0%
North Macedonia 1283 Novaci
0%
Brazil 12815 Nova Crixás
0%
Serbia 8147 Nova Crnja
0%
Brazil 34269 Nova Cruz
0%
Slovakia 10381 Nová Dubnica
0%
Brazil 17438 Nova Era
0%
Angola 57248 Nova Esperança
0%
Brazil 26585 Nova Esperança
0%
Brazil 10439 Nova Europa
0%
Brazil 9724 Nova Floresta
0%
Brazil 173418 Nova Friburgo
0%
Slovenia 13031 Nova Gorica
0%
Croatia 11690 Nova Gradiška
0%
Brazil 19419 Nova Granada
0%
Brazil 13955 Nova Ipixuna
0%
Ukraine 44427 Nova Kakhovka
0%
Brazil 12074 Nova Laranjeiras
0%
Brazil 111697 Nova Lima
0%
Brazil 12923 Nova Londrina
0%
Belarus 11841 Novalukoml’
0%
Italy 23027 Nova Milanese
0%
Ukraine 11510 Nova Odesa
0%
Brazil 62019 Nova Odessa
0%
Brazil 16352 Nova Olímpia
0%
Brazil 15399 Nova Olinda
0%
Brazil 10367 Nova Olinda
0%
Brazil 27062 Nova Olinda do Norte
0%
Czechia 9060 Nová Paka
0%
Serbia 17105 Nova Pazova
0%
Brazil 16891 Nova Petrópolis
0%
Brazil 14598 Nova Ponte
0%
Brazil 25692 Nova Prata
0%
Brazil 16387 Nova Resende
0%
Brazil 30699 Nova Russas
0%
Brazil 105552 Nova Serrana
0%
Cabo Verde 14000 Nova Sintra
0%
Brazil 24236 Nova Soure
0%
Italy 19910 Novate Milanese
0%
Brazil 12806 Nova Timboteua
0%
United States 52689 Novato
0%
Brazil 13727 Nova Trento
0%
Serbia 13507 Nova Varoš
0%
Slovenia 293 Nova Vas
0%
Brazil 43015 Nova Venécia
0%
Brazil 13664 Nova Veneza
0%
Brazil 9481 Nova Veneza
0%
Brazil 39509 Nova Viçosa
0%
Ukraine 10455 Nova Vodolaha
0%
Brazil 24345 Nova Xavantina
0%
Russia 63083 Novaya Balakhna
0%
Russia 10530 Novaya Lyalya
0%
Russia 36540 Novaya Usman’
0%
Bulgaria 22175 Nova Zagora
0%
Spain 26213 Novelda
0%
Philippines 49452 Noveleta
0%
Italy 13203 Novellara
0%
Czechia 9304 Nové Město nad Metují
0%
Slovakia 19644 Nové Mesto nad Váhom
0%
Czechia 9904 Nové Město na Moravě
0%
Italy 8952 Noventa Vicentina
0%
Slovakia 37791 Nové Zámky
0%
Ukraine 9735 Novgorodskoye
0%
Ukraine 12375 Novhorod-Siverskyi
0%
Serbia 9443 Novi Banovci
0%
Serbia 13133 Novi Bečej
0%
Italy 10072 Novi di Modena
0%
Bulgaria 13491 Novi Iskar
0%
Serbia 5688 Novi Kneževac
0%
Italy 27252 Novi Ligure
0%
Croatia 11795 Novi Marof
0%
Bosnia and Herzegovina 25107 Novi Travnik
0%
Brazil 15761 Novo Airão
0%
Russia 73511 Novoaltaysk
0%
Russia 15351 Novoanninskiy
0%
Brazil 17119 Novo Aripuanã
0%
Ukraine 11051 Novoazovsk
0%
Kosovo 7121 Novobërdë
0%
Russia 120499 Novocheboksarsk
0%
Russia 160529 Novocherkassk
0%
Brazil 26975 Novo Cruzeiro
0%
Ukraine 10463 Novodnistrovsk
0%
Russia 32826 Novodvinsk
0%
Brazil 85364 Novo Hamburgo
0%
Brazil 38324 Novo Horizonte
0%
Ukraine 55086 Novohrad-Volynskyi
0%
Ukraine 14037 Novohrodivka
0%
Kazakhstan 11583 Novoīshīmskīy
0%
Russia 98306 Novokuybyshevsk
0%
Russia 531186 Novokuznetsk
0%
Brazil 12764 Novo Lino
0%
Slovenia 24183 Novo Mesto
0%
Russia 16752 Novomichurinsk
0%
Russia 117175 Novomoskovsk
0%
Ukraine 69855 Novomoskovsk
0%
Ukraine 10715 Novomyrhorod
0%
Ukraine 10026 Novooleksiivka
0%
Brazil 27545 Novo Oriente
0%
Kyrgyzstan 18332 Novopavlovka
0%
Kyrgyzstan 21619 Novopokrovka
0%
Ukraine 9392 Novopskov
0%
Russia 261937 Novorossiysk
0%
North Macedonia 1246 Novo Selo
0%
Russia 101483 Novoshakhtinsk
0%
Russia 74469 Novotroitsk
0%
Ukraine 10535 Novotroitske
0%
Ukraine 16080 Novoukrainka
0%
Russia 13673 Novoulyanovsk
0%
Russia 77894 Novouralsk
0%
Russia 15216 Novouzensk
0%
Ukraine 49772 Novovolynsk
0%
Russia 30658 Novovoronezh
0%
Russia 36108 Novovyatsk
0%
Ukraine 31366 Novoyavorovskoye
0%
Russia 38680 Novozybkov
0%
Croatia 11137 Novska
0%
Czechia 11412 Nový Bor
0%
Ukraine 15000 Novyi Buh
0%
Ukraine 29643 Novyi Rozdil
0%
Ukraine 8996 Novyi Svit
0%
Czechia 22993 Nový Jičín
0%
Russia 18359 Novyy Oskol
0%
Russia 1820 Novyy Port
0%
Russia 4184 Novyy Uoyan
0%
Russia 106890 Novyy Urengoy
0%
Poland 10647 Nowa Dęba
0%
Poland 21264 Nowa Ruda
0%
Poland 36843 Nowa Sól
0%
Poland 10492 Nowe Miasto Lubawskie
0%
India 209000 Nowgong
0%
India 40580 Nowgong
0%
Poland 16102 Nowogard
0%
Australia 9193 Nowra
0%
India 69307 Nowrangapur
0%
Iran 49403 Nowshahr
0%
Pakistan 118594 Nowshera
0%
Poland 9618 Nowy Dwór Gdański
0%
Poland 28651 Nowy Dwór Mazowiecki
0%
Poland 81281 Nowy Sącz
0%
Poland 33273 Nowy Targ
0%
Poland 14116 Nowy Tomyśl
0%
Spain 14092 Noya
0%
Russia 102938 Noyabrsk
0%
France 12810 Noyon
0%
South Africa 170307 Nqutu
0%
Malawi 26844 Nsanje
0%
Ghana 44522 Nsawam
0%
Congo (Kinshasa) 140929 Nsele
0%
Uganda Nsiika
0%
Nigeria 1110176000 Nsukka
0%
Uganda 7000 Ntara
0%
Malawi 21241 Ntcheu
0%
Malawi 9357 Ntchisi
0%
Uganda 5000 Ntoroko
0%
Mali 9863 Ntorosso
0%
Mali 8793 Ntossoni
0%
Gabon 51954 Ntoum
0%
Uganda 16400 Ntungamo
0%
Qatar 29703 Nu‘ayjah
0%
Syria 21039 Nubl
0%
Netherlands 20580 Nuenen
0%
Guatemala 82216 Nueva Concepción
0%
El Salvador 32091 Nueva Concepción
0%
Philippines 11968 Nueva Era
0%
Cuba 45577 Nueva Gerona
0%
Colombia 21612 Nueva Granada
0%
El Salvador 8996 Nueva Guadalupe
0%
Nicaragua 66936 Nueva Guinea
0%
Uruguay 10630 Nueva Helvecia
0%
Chile 31632 Nueva Imperial
0%
Mexico 32467 Nueva Italia de Ruiz
0%
Ecuador 55627 Nueva Loja
0%
Honduras 8780 Nueva Ocotepeque
0%
Uruguay 9857 Nueva Palmira
0%
Cuba 24277 Nueva Paz
0%
Mexico 39058 Nueva Rosita
0%
Guatemala 39286 Nueva Santa Rosa
0%
Chile 9776 Nueva Toltén
0%
Philippines 42771 Nueva Valencia
0%
Argentina 36494 Nueve de Julio
0%
Cuba 38995 Nuevitas
0%
Panama 26298 Nuevo Arraiján
0%
Mexico 55553 Nuevo Casas Grandes
0%
Mexico 12850 Nuevo Ideal
0%
Mexico 384033 Nuevo Laredo
0%
Uruguay 8578 Nuevo Paysandú
0%
Guatemala 31968 Nuevo Progreso
0%
Guatemala 41956 Nuevo San Carlos
0%
Mexico 16745 Nuevo San Juan Parangaricutiro
0%
Iran 10377 Nūkān
0%
Uzbekistan 332500 Nukus
0%
Spain 14062 Nules
0%
India 9331 Nūlivedu
0%
India 8552 Nūlvi
0%
Philippines 35693 Numancia
0%
Japan 45132 Numata
0%
Japan 187653 Numazu
0%
Germany 17700 Nümbrecht
0%
Russia 10 Numto
0%
Colombia 8928 Nunchía
0%
United Kingdom 86552 Nuneaton
0%
India 8573 Nunihāt
0%
Netherlands 28021 Nunspeet
0%
Philippines 18827 Nunuñgan
0%
Italy 33850 Nuoro
0%
Colombia 8958 Nuquí
0%
Turkey 41322 Nurdağı
0%
Turkey 12257 Nurhak
0%
Uzbekistan 10500 Nuriston
0%
Pakistan 12876 Nurkot
0%
Russia 33990 Nurlat
0%
Uzbekistan 9600 Nurobod Shahri
0%
Uzbekistan 32300 Nurota
0%
India 38806 Nūrpur
0%
India 9807 Nūrpur
0%
Turkey 115586 Nusaybin
0%
Pakistan 48572 Nushki
0%
Germany 11332 Nußloch
0%
India 9236 Nūtakki
0%
Netherlands 15423 Nuth
0%
United States 29767 Nutley
0%
India 10773 Nuvem
0%
Sri Lanka 27500 Nuwara Eliya
0%
India 148590 Nūzvīd
0%
Uganda 4295 Nwoya
0%
Russia 63034 Nyagan
0%
Tanzania 16092 Nyahanga
0%
Lesotho 10893 Nyakosoba
0%
Ghana 22911 Nyakrom
0%
Sudan 492984 Nyala
0%
Rwanda 34922 Nyamata
0%
Kenya 94000 Nyamira
0%
India 26546 Nyāmti
0%
Russia 18146 Nyandoma
0%
Rwanda 25417 Nyanza
0%
Belarus 15968 Nyasvizh
0%
Burma 26246 Nyaungdon
0%
Burma 48528 Nyaungu
0%
Russia 10198 Nyazepetrovsk
0%
Sweden 13583 Nybro
0%
Uganda 55600 Nyenga
0%
Kenya 98908 Nyeri
0%
Zambia 1336 Nyimba
0%
Hungary 11237 Nyírbátor
0%
Hungary 115359 Nyíregyháza
0%
Denmark 20105 Nykøbing Falster
0%
Denmark 9068 Nykøbing Mors
0%
Czechia 15510 Nymburk
0%
Sweden 13510 Nynäshamn
0%
Poland 42151 Nysa
0%
Russia 16463 Nytva
0%
Congo (Kinshasa) 42589 Nyunzu
0%
Russia 10055 Nyurba
0%
Japan 23537 Nyūzen
0%
Ukraine 13557 Nyzhnia Krynka
0%
Ukraine 8741 Nyzhnohirskyi
0%
Morocco 19635 Nzalat Laadam
0%
Tanzania 125193 Nzega
0%
Guinea 315000 N’Zérékoré
0%
Angola 11633 Nzeto
0%
No matching quizzes found
Score Distribution
Percent of People with Each Score
Percentile by Number Answered
Your Score History
You have not taken this quiz